Hogwarts Staff- Harry Potter - Statistics

General Stats
  • This quiz has been taken 102 times
    83 since last reset
  • The average score is 29 of 39
Answer Stats
Hint Answer % Correct
Headmasters/Headmistresses Albus Dumbledore
97%
Dolores Umbridge
96%
Dolores Umbridge
96%
Transfiguration Minerva McGonagall
96%
Minerva McGonagall
96%
Remus Lupin
96%
Severus Snape
96%
Potions Severus Snape
96%
Severus Snape
96%
Alastor Moody
94%
Care Of Magical Creatures Rubeus Hagrid
94%
Charms Filius Flitwick
93%
Gilderoy Lockhart
93%
Nurse/Healer Poppy Pomfrey
90%
Defense Against The Dark Arts Quirinus Quirrell
88%
Herbology Pomona Sprout
87%
Amycus Carrow
86%
Caretaker Argus Filch
86%
Horace Slughorn
86%
Divination Sybill Trelawney
86%
Muggle Studies Charity Burbage
80%
Firenze
80%
Flying Rolanda Hooch
80%
Alecto Carrow
75%
History Of Magic Cuthbert Binns
74%
Wilhelmina Grubbly-Plank
70%
Neville Longbottom
68%
Armando Dippet
67%
Astronomy Aurora Sinistra
65%
Librarian Irma Pince
64%
Arithmancy Septima Vector
58%
Phineas Nigellus Black
54%
Silvanus Kettleburn
49%
Apparition Wilkie Twycross
49%
Ancient Runes Bathsheda Babbling
36%
Dilys Derwent
25%
SURNAME ONLY Everard
16%
Dexter Fortescue
13%
Vindictius Viridian
3%
No matching quizzes found
Score Distribution
Percent of People with Each Score
Percentile by Number Answered
Your Score History
You have not taken this quiz since the last reset